| 000 | 00813ngm a2200253 a 4500 | ||
|---|---|---|---|
| 003 | BLK | ||
| 005 | 20240527154040.0 | ||
| 008 | 180410b bul||n||s|||||||| mlbulo| | ||
| 010 | _aCDD00007293000 | ||
| 040 | _aBLK | ||
| 041 |
_aBUL _cBUL |
||
| 072 | 7 |
_2bullib _aФ0601 _xИгрални филми Ф |
|
| 080 |
_aКомедии _b791.221.2 _z791.221.2 |
||
| 139 |
_a[Ай Кю] IQ [DVD видео] _bА 37 |
||
| 245 | 1 | 0 |
_a[Ай Кю] IQ [DVD видео] _cрежисьор Фред Шеписи. |
| 246 | 1 | 1 | _aКоефициент за интелигентност |
| 257 | _aBGR | ||
| 260 |
_aСофия _c1994 |
||
| 300 |
_a92 мин. _bцв. форм. _c2.35:1; 12 см |
||
| 380 | _a7 | ||
| 852 |
_aЦб CD 3382 _p0 |
||
| 942 |
_cCDD _n0 |
||
| 944 |
_aCR _c04.04.2013 _k30540 _lСевдалина Тодорова |
||
| 999 |
_c226171 _d226171 |
||